Computer models for heat recovery and utilities systems in chemical process plants /
Saved in:
| 主要作者: | |
|---|---|
| 格式: | Thesis 图书 |
| 语言: | English |
| 出版: |
1979.
|
| 主题: | |
| 标签: |
添加标签
没有标签, 成为第一个标记此记录!
|
| LEADER | 00932cam a2200277 4500 | ||
|---|---|---|---|
| 001 | u36120 | ||
| 003 | SIRSI | ||
| 008 | 850312s1979 us v 0 eng | ||
| 015 | |a X850001319 | ||
| 035 | |a AAD-8896 | ||
| 040 | |a UMM | ||
| 050 | 0 | |a TJ260 | |
| 090 | |a TJ260 |b Wil | ||
| 100 | 1 | 0 | |a Wilkinson, Charles Robert |
| 245 | 1 | 0 | |a Computer models for heat recovery and utilities systems in chemical process plants / |c by Charles Robert Wilkinson |
| 260 | |c 1979. | ||
| 300 | |a xi, 213 leaves : |b ill. ; |c 28cm | ||
| 500 | |a Photocopy | ||
| 502 | |a Dissertation (M.Ch.Eng.) - Purdue University, 1979 | ||
| 650 | 0 | |a Heat recovery |x Mathematical models | |
| 650 | 0 | |a Heat recovery |x Data processing | |
| 650 | 0 | |a Chemical plants | |
| 948 | |a 16/03/1991 |b 14/08/2002 | ||
| 596 | |a 1 | ||
| 999 | |a TJ260 WIL |w LC |c 1 |i A002760285 |l STACKS |m P01UTAMA |r Y |s Y |t TESIS |u 23/4/1992 | ||
| 999 | |a TJ260 WIL |w LC |c 2 |i A010033706 |l STACKS |m P01UTAMA |r Y |s Y |t TESIS |u 23/4/1992 | ||
